000 00439nam a2200121Ia 4500
008 220620s9999||||xx |||||||||||||| ||und||
100 _aAlexander A. Banishev||Mithun Bhowmick||Jue Wang
245 0 _aOptical Interferometry
546 _aEnglish[eng]
650 _aPhysical Sciences||Engineering and Technology||Optoelectronics||Physics||Optics and Lasers
856 _uhttps://www.intechopen.com/books/optical-interferometry
942 _cEB
999 _c32389
_d32389